| 000 | 00589nam a22001337a 4500 | ||
|---|---|---|---|
| 040 | _cRUA | ||
| 082 | _aFIS SAM 2012 B184 Or.1 | ||
| 100 | _aSAMBATH, VISAL. | ||
| 245 | _aMorphology of puntius spp. in the cambodian mekong basin, លក្ខណៈរូបសាស្រ្តត្រីអង្កយ់ប្រាក់ក្នុងអាងទន្លេមេគង្គកម្ពុជា | ||
| 260 |
_aPhnom Penh _bRUA _c2012 |
||
| 300 |
_avii; 33p. _bill. _c29cm. |
||
| 856 | _uhttps://drive.google.com/file/d/1elziTcVzkqMQhWbw6MOA1iI79YXWVYZw/view?usp=sharing | ||
| 942 | _cFIS | ||
| 999 |
_c4049 _d4049 |
||